Justiȧ econm̥ica e social

Detalles Bibliográficos
Autor principal: de Barros Carvalho, Paulo
Otros Autores: da Silva Martins, Ives Gandra
Formato: eBook
Lenguaje:portugués
Publicado: San Pablo: Editora Noeses, 2017
Materias:
Acceso en línea:Acceso restringido

MARC

LEADER 00000nam a22000007a 4500
005 20210616225030.0
007 cr|||| ||||
008 210616s2017 br |||||s|||| 00||0 por d
020 |a 978-85-8310-087-4 
035 |a 33305 
040 |a vLex 
090 |c 11795  |d 11795 
100 1 |a de Barros Carvalho, Paulo 
245 1 0 |a Justiȧ econm̥ica e social  |h [Recurso electrn̤ico] /  |c Paulo de Barros Carvalho, Ives Gandra da Silva Martins 
256 |a Servicio en ln̕ea 
260 |a San Pablo:  |b Editora Noeses,  |c 2017 
300 |a 1 recurso electrn̤ico 
500 |a Num momento em que, no mundo, discutem-se, em profundidade, os dois temas (desenvolvimento e justiȧ social), a matřia ganha especial relevo, pois se deve fugir do populismo daqueles que pretendem apenas outorgar direitos sem enunciar as fontes, e da ilusô dos que sugerem polt̕icas em que o progresso esteja desvinculado da melhoria da condiȯ̂ social do povo. O livro destaca o justo equilb̕rio em que a livre iniciativa e a justiȧ social sô as pedras de toque do desenvolvimento, desde que os que detm̊ o poder nô desviem as finalidades do Estado, estimulador para reverter as receitas obtidas em benefc̕io prp̤rio, muitas vezes, de forma escusa e condenv̀el, receitas estas que deveriam ser destinadas ao crescimento do pas̕. 
506 1 |a Disponible solo en los productos indicados  |d vLex Global  |d vLex Global (Academic Edition, excluding Law Schools)  |d vLex Global (U.S. Academic Edition, Law Schools)  |d vLex Global (U.S. Academic Edition, excluding Law Schools)  |d vLex Global (Academic Edition, Law Schools) 
650 0 4 |a Derecho Tributario  |z Brasil 
700 1 |a da Silva Martins, Ives Gandra 
740 0 |a vLex Libros (Servicio en ln̕ea) 
856 4 0 |u https://vlex.com/source/justi-a-econ-mica-e-social-33305  |z Acceso restringido 
942 |c BOOK 
999 0 |a Tax Law